000
00324nam a2200133Ia 4500
008
230312s9999||||xx |||||||||||||| ||und||
020
_a
978-0170245562
082
_a
658.15
_b
DES-A
100
_a
Desai;Rashid
245
0
_a
Analysis of Financial Statement Information
300
_a
421
650
_a
Management
942
_c
BK
999
_c
14770
_d
14770